000 00757cam a22002531 4500
999 _c8269
_d8269
001 8269
003 BD-JhCC
005 20180718194002.0
008 721109s1958 nyua 000 0 eng
035 _a(BD-JhCC)8269
035 _a(OCoLC)490748
040 _aDLC
_cODaWU
_dNBrockU
_dUk
_dDLC
_dBD-JhCC
041 _aeng
050 0 0 _aGV443
_b.B8
082 _a371.7322
_bBUC 1958
100 1 _aBucher, Charles Augustus,
_d1912-
245 1 0 _aPhysical education in the modern elementary school /
_cby Charles A. Bucher and Evelyn M. Reade.
260 _aNew York,
_bMacmillan
_c[1958]
300 _a437 p.
_billus.
_c22 cm.
650 0 _aPhysical education for children.
700 1 _aReade, Evelyn M.,
942 _2ddc
_cBK